| 000 | 00761nac a22001931u 4500 | ||
|---|---|---|---|
| 020 | _a0070634963 | ||
| 082 |
_a621.382 _bT279 |
||
| 090 |
_c125 _d125 |
||
| 100 | _aTemes, Lloyd | ||
| 245 | _aSchaum's outline of theory and problems of electronic communication | ||
| 250 | _a2nd ed. | ||
| 260 |
_aNew Delhi _bTata McGraw-Hill _c2004 |
||
| 440 | _aSchaum's outline | ||
| 650 | _aTelecommunication | ||
| 650 | _aElectronics | ||
| 942 |
_cBB _k621.382T279 |
||
| 999 |
_c125 _d125 |
||